=LDR 00000nam 2200000 4500 =001 INLIS000000000007932 =005 20130612095846 =008 ***********************************Ind** =035 ##$$0010-061300000007932 =041 ##$$a Ind =082 ##$$a 001.642 =090 ##$$a 001.642, Lot b =100 ##$$a Lott, Richard W =245 ##$$a Basic nith business aplications, Richard W. Lott =260 ##$$a 1983 $b [s.l] =300 ##$$a 297 hlm, 22 cm =650 ##$$a Computer application